|
|
|
|
| LEADER |
00973nam a2200217 a 4500 |
| 001 |
00026354 |
| 008 |
121224s2011 ii a 000 0 eng d |
| 020 |
|
|
|a 9788125041610
|
| 040 |
|
|
|a BD-DhAAL
|c BD-DhAAL
|
| 082 |
0 |
0 |
|a 428.240285
|2 22
|
| 100 |
1 |
|
|a Baber,Eric.
|
| 245 |
1 |
0 |
|a Fifty ways to improve your business english using the internet :
|b without too much effort /
|c Eric Baber.
|
| 260 |
|
|
|a Hyderabad ;
|b Orient BlackSwan,
|c 2011
|
| 300 |
|
|
|a ix, 99, :
|b ill. (chiefly col.) ;
|c 24 cm.
|
| 490 |
|
|
|a 50 ways series
|
| 541 |
|
|
|e 00026354
|
| 650 |
|
0 |
|a English language
|x Business English
|x Computer network resources.
|
| 650 |
|
0 |
|a English language
|x Textbooks for foreign speakers.
|
| 852 |
1 |
|
|a Ayesha Abed Library
|j General shelf
|
| 999 |
|
|
|c 13068
|d 13068
|
| 952 |
|
|
|0 0
|1 0
|2 ddc
|4 0
|6 428_240285000000000_BAB
|7 0
|9 21727
|a BRACUL
|b BRACUL
|c GEN
|d 2012-12-24
|e ENH
|l 1
|o 428.240285 BAB
|p 3010026354
|r 2014-05-14
|s 2013-02-25
|t 1
|w 2012-12-24
|y BK
|x Transferred from ENH to Ayesha Abed library on 20/12/2023
|